Má temná touha /
Úkol byl jednoduchý:Vplížit se do nejpřísněji střeženého sídla v Potomacu. Získat zpět svůj přívěsek. Vyklouznout ven.Problém číslo jedna?Přistihl mě při tom nejnedostupnější svobodný muž v Americe.Problém číslo dvě?Rozhodl se, že si mě tam nechá. Jako služebnou.Zachary Sun je nejspíš tím nejchladně...
Uloženo v:
| Série: | Temný princ,
část 2 |
|---|---|
| Hlavní autor: | |
| Médium: | E-kniha |
| Jazyk: | Czech |
| Vydáno: |
Praha :
Knihy Dobrovský,
2026
|
| Příbuzné jednotky: | Z cyklu::
Temný princ |
| Tagy: |
Žádné tagy |
| LEADER | 01878nam a22002417i 4500 | ||
|---|---|---|---|
| 001 | 297584 | ||
| 007 | ta | ||
| 008 | 260415s2026 xr ||||| |||| 00| 0 cze d | ||
| 020 | |a 9788027744862 | ||
| 044 | |a xr | ||
| 100 | 1 | |a Shen, L. J. |4 aut | |
| 245 | 1 | 0 | |a Má temná touha / |c Shen, L. J. |
| 264 | 1 | |a Praha : |b Knihy Dobrovský, |c 2026 | |
| 300 | |a 1 online zdroj (512 stran) | ||
| 336 | |a text |b txt |2 rdacontent | ||
| 337 | |a bez média |b n |2 rdamedia | ||
| 338 | |a online zdroj |b cr |2 rdacarrier | ||
| 520 | 2 | |a Úkol byl jednoduchý:Vplížit se do nejpřísněji střeženého sídla v Potomacu. Získat zpět svůj přívěsek. Vyklouznout ven.Problém číslo jedna?Přistihl mě při tom nejnedostupnější svobodný muž v Americe.Problém číslo dvě?Rozhodl se, že si mě tam nechá. Jako služebnou.Zachary Sun je nejspíš tím nejchladnějším mužem, jakého jsem kdy poznala, ale zároveň z něj celá hořím.Je rezervovaný, vypočítavý, nemilosrdně krutý a vyžívá se přitom ve slabostech druhých.Netuší však, že právě potkal někoho sobě rovného.Možná patří k americké smetánce.Ale z jeho služebné se brzy stane královna.Poznámka autorek: Má temná touha je samostatným románem o dvou bručounech: zlomeném miliardáři a temperamentní služebné, která se mu nebojí odporovat.Děj se odehrává v dekadentním světě Temného prince. | |
| 787 | 0 | 8 | |g 2 |i Z cyklu: |t Temný princ |
| 910 | |a RBIT002 | ||
| 998 | |d 426199 |a https://core.palmknihy.cz/api/books/426199/cover?tdh0l6 |b https://core.palmknihy.cz/api/books/426199/cover/400?tdh0l6 |c https://core.palmknihy.cz/api/books/426199/cover/50?tdh0l6 |e |g 512 |i 9788027744862 |j https://core.palmknihy.cz/api/books/426199/preview.epub |k https://core.palmknihy.cz/api/books/426199/preview.pdf |l |q 49 |r 1 |s https://www.palmknihy.cz/kniha/426199 |t ebook |y 2026 |z 1 |v Temný princ |w 2 | ||
| 999 | |d 297582 | ||